00817nam a2200181 a 450000500170000000800410001704000270005804100080008504400070009308200170010011100850011724501730020226001290037530000330050465000290053765000410056666200280060720160123141036.0140312s1998 ck fr|||| 10| 0 spa d aCO-BoIAVH cCO-BoIAVH 0 aspa ack04a307.12bS47s2 aSeminario Ordenamiento y Desarrollo Territorial: memoriascTunjadMayo 7-9, 199810aSeminario Ordenamiento y desarrollo territorial :bmemorias /cUniversidad Pedagógica y Tecnológica de Colombia, Instituto de Investigaciones y Formación Avanzada aTunja :bUniversidad Pedagógica y Tecnológica de Colombia :bInstituto de Investigaciones y Formación Avanzada,c1998. a108 páginas ;c27 x 21 cm. 6aOrdenamiento territorial 6aEsquemas de ordenamiento territorial aColombiabBoyacadTunja